Tile Words Puzzle #5 - Statistics

General Stats
  • This quiz has been taken 1,762 times
    1,603 since last reset
  • The average score is 10 of 16
Answers on the Map
Answers color-coded by a green-red scale on the quiz's map according to % correct below.
 
Answer Stats
Answer % Correct
87%
84%
84%
82%
64%
63%
60%
58%
55%
53%
53%
53%
52%
49%
48%
48%
No matching quizzes found
Score Distribution
Percent of People with Each Score
Percentile by Number Answered
Your Score History
You have not taken this quiz since the last reset